000
00337nam a22001457a 4500
008
221014b ||||| |||| 00| 0 eng d
020
_a
9780323036009
041
_a
eng
080
_2
FIFTH EDITION
_a
616.073
082
_a
616.073 ALI
100
_a
12
101
_a
RADIO
245
_a
RADIATION PROTECTION
_c
ALICE M
942
_2
udc
_c
BK
999
_c
58569
_d
58569